000 00692nam a2200217 i 4500
001 13937
003 ES-MaACL
005 20251005063029.0
007 t|
008 971126s1997 sp ||||0| spa j
020 _a84-87575-44-7
040 _aM-BN
_bspa
_cM-BN
080 _a821.134.4-31"19"
100 1 _aVázquez, Pura,
_d1918-2006
_9113384
245 1 3 _aOs Aldán foron a América /
_cPura Vázquez.
260 _aOurense :
_bDeputación Provincial de Ourense,
_c[1996]
300 _a138 p ;
_c23 cm.
710 1 _aOrense (Provincia).
_bDiputación Provincial.
_96050
852 _aES-MaACL
_jL-21304
_bR.125805
_q. - Ded. autógr. de la autora
999 _c13937
_d13937